MARC

LEADER 00000nam0a2200000 4500
001 349567
005 20231102010221.0
035 |a (RuTPU)RU\TPU\retro\2241 
090 |a 349567 
100 |a 20180629d1963 k y0rusy50 ca 
101 0 |a rus 
102 |a RU 
105 |a a z 001zy 
200 1 |a Силикагель - неорганический катионит  |e [монография]  |f А. П. Душина, В. Б. Алесковский  |g Ленинградский технологический институт им. Ленсовета (ЛТИ), Лаборатория микроэлементов и веществ высокой степени чистоты 
210 |a Ленинград  |c Госхимиздат  |d 1963 
215 |a 90 с.  |c ил. 
320 |a Библиогр.: с. 87-90 
606 1 |a Сорбция из растворов  |2 stltpush  |3 (RuTPU)RU\TPU\subj\55571  |9 73580 
610 1 |a силикагель 
610 1 |a неорганические катионы 
610 1 |a поликремниевая кислота 
610 1 |a реакции 
610 1 |a свойства 
610 1 |a хроматография 
675 |a 544.723  |v 4 
700 1 |a Душина  |b А. П.  |g Августа Петровна 
701 1 |a Алесковский  |b В. Б.  |g Валентин Борисович 
712 0 2 |a Ленинградский технологический институт им. Ленсовета (ЛТИ)  |b Лаборатория микроэлементов и веществ высокой степени чистоты  |2 stltpush  |3 (RuTPU)RU\TPU\col\1462 
801 1 |a RU  |b 63413507  |c 20180629 
801 2 |a RU  |b 63413507  |c 20180629  |g RCR 
942 |c BK